00586nam a2200169Ia 4500003000900000008004100009040001600050080002500066110003300091245014100124260005000265300000900315500001900324650003400343650001800377650002100395IN-BaIIA211028s9999 xx 000 0 eng d cIIA Library a083.7:621.753.1bISI aIndian Standards Institution 0aIndian standard recommendations for modular co-ordinations-applications of tolerances in building industrycIndian Standards Institution aNew DelhibIndian Standards Institutionc1972 a13p. aIS 6408 : 1971 a Building Industry-Standards a Standards  aNASA Thesaurus